[Event "Arab Games"]
[Site "Doha"]
[Date "2011.12.13"]
[Round "1"]
[White "Shobaita, Talal"]
[Black "Arab, Adlane"]
[Result "0-1"]
[WhiteElo "2162"]
[BlackElo "2403"]
[PlyCount "120"]
[EventDate "2011.12.13"]
[EventType "team-swiss"]
[EventRounds "9"]
[EventCountry "QAT"]
[SourceTitle "CBM 145 Extra"]
[Source "ChessBase"]
[SourceDate "2012.01.03"]
[SourceVersion "1"]
[SourceVersionDate "2012.01.03"]
[SourceQuality "1"]
[WhiteTeam "Palestine"]
[BlackTeam "Algeria"]
[WhiteTeamCountry "PLE"]
[BlackTeamCountry "ALG"]

1. d4 Nf6 2. Nf3 e6 3. c4 d5 4. Nc3 Bb4 5. Bg5 Nbd7 6. e3 c5 7. cxd5 exd5 8. Bd3 Qa5 9. 0-0 0-0 10. Ne2 c4 11. Bc2 Re8 12. a3 Bd6 13. Bf4 Qc7 14. a4 b6 15. Re1 Bb7 16. Bxd6 Qxd6 17. Ng3 g6 18. Qb1 a6 19. h4 Rac8 20. Ng5 Ng4 21. Qd1 Ndf6 22. Qf3 Rc7 23. h5 Rce7 24. Rad1 Bc8 25. Nh3 Kg7 26. Qf4 Qxf4 27. Nxf4 g5 28. Nh3 Kh6 29. Bf5 Bb7 30. Bxg4 Nxg4 31. Nf5+ Kxh5 32. Nxe7 Rxe7 33. Rd2 Bc6 34. a5 b5 35. f3 Nf6 36. Kf2 g4 37. Nf4+ Kg5 38. Rc1 h5 39. Rdd1 h4 40. Re1 g3+ 41. Ke2 b4 42. Kd2 Bd7 43. Rh1 Re8 44. Nh3+ Kf5 45. Nf4 Rh8 46. Rce1 Kg5 47. Nh3+ Kf5 48. Nf4 Bc6 49. Rh3 Kg5 50. Reh1 Rh6 51. Ne2 Rh5 52. Nf4 Rh7 53. Ne2 Bd7 54. f4+ Kg4 55. Nxg3 Rh8 56. Ne2 Ne4+ 57. Ke1 c3 58. bxc3 bxc3 59. g3 Rb8 60. Rxh4+ Kf3 0-1

[Event "Arab Games rapid"]
[Site "Doha"]
[Date "2011.12.12"]
[Round "6"]
[White "Shobaita, Talal"]
[Black "Sabar, Ethmane Daouda"]
[Result "1/2-1/2"]
[WhiteElo "2162"]
[BlackElo "2034"]
[PlyCount "139"]
[EventDate "2011.12.11"]
[EventType "swiss (rapid)"]
[EventRounds "9"]
[EventCountry "QAT"]
[SourceTitle "CBM 145 Extra"]
[Source "ChessBase"]
[SourceDate "2012.01.03"]
[SourceVersion "1"]
[SourceVersionDate "2012.01.03"]
[SourceQuality "1"]

1. d4 d5 2. c4 c6 3. Nf3 Nf6 4. Nc3 e6 5. e3 Be7 6. Bd3 dxc4 7. Bxc4 b5 8. Bd3 Bb7 9. 0-0 a6 10. a4 0-0 11. Qe2 Nbd7 12. Rd1 b4 13. Ne4 Nxe4 14. Bxe4 Nf6 15. Bc2 a5 16. e4 Qc7 17. Bg5 h6 18. Bh4 c5 19. dxc5 Qxc5 20. Rac1 Qh5 21. h3 Rfc8 22. Bg3 Bc5 23. Bd3 Bb6 24. b3 Qg6 25. Bf4 Bxe4 26. Rxc8+ Rxc8 27. Nh4 Qh5 28. Qxh5 Nxh5 29. Bxe4 Nxf4 30. Nf3 Ne2+ 31. Kf1 Nc3 32. Rc1 Bxf2 33. Bb7 Rc7 34. Kxf2 Rxb7 35. Rc2 Rd7 36. Ne5 Rd5 37. Nc4 f6 38. Ke3 Kf7 39. Rd2 Rg5 40. Rd7+ Kg6 41. Kf3 Rf5+ 42. Kg3 Ne2+ 43. Kh2 Rf2 44. Nxa5 Nc1 45. Rd1 Rc2 46. Rd4 Na2 47. Nc4 Rc1 48. a5 Nc3 49. Nb2 Nd5 50. a6 Rc6 51. Nd3 Rxa6 52. Nxb4 Rb6 53. Nxd5 exd5 54. Rxd5 Rxb3 55. h4 f5 56. g3 Rb4 57. Ra5 Rg4 58. Kh3 Rb4 59. Kg2 Rb6 60. Kf3 Kf6 61. Kf4 g5+ 62. hxg5+ hxg5+ 63. Kf3 Kg6 64. Rc5 Rf6 65. g4 fxg4+ 66. Kxg4 Rf4+ 67. Kg3 Kh5 68. Ra5 Rc4 69. Ra3 Rc1 70. Rb3 1/2-1/2

[Event "Arab Games rapid"]
[Site "Doha"]
[Date "2011.12.11"]
[Round "1"]
[White "Amin, Bassem"]
[Black "Shobaita, Talal"]
[Result "1-0"]
[WhiteElo "2590"]
[BlackElo "2162"]
[PlyCount "55"]
[EventDate "2011.12.11"]
[EventType "swiss (rapid)"]
[EventRounds "9"]
[EventCountry "QAT"]
[SourceTitle "CBM 145 Extra"]
[Source "ChessBase"]
[SourceDate "2012.01.03"]
[SourceVersion "1"]
[SourceVersionDate "2012.01.03"]
[SourceQuality "1"]

1. e4 c5 2. Nf3 d6 3. c3 Nf6 4. Be2 Nc6 5. d4 Bg4 6. d5 Nb8 7. 0-0 Nbd7 8. h3 Bxf3 9. Bxf3 g6 10. g4 h5 11. g5 Nh7 12. Be2 Bg7 13. f4 Qc7 14. Be3 0-0-0 15. a4 e6 16. a5 a6 17. Na3 Rhe8 18. Nc4 e5 19. f5 gxf5 20. Rxf5 Ndf8 21. b4 Ng6 22. bxc5 dxc5 23. Bxh5 Kb8 24. Rb1 Rf8 25. Rb6 Nf4 26. d6 Qd7 27. Bxf4 exf4 28. Bg4 1-0

[Event "Arab Games blitz"]
[Site "Doha"]
[Date "2011.12.10"]
[Round "3"]
[White "Shobaita, Talal"]
[Black "Adly, Ahmed"]
[Result "0-1"]
[WhiteElo "2162"]
[BlackElo "2601"]
[PlyCount "41"]
[EventDate "2011.12.10"]
[EventType "swiss (blitz)"]
[EventRounds "9"]
[EventCountry "QAT"]
[SourceTitle "CBM 145 Extra"]
[Source "ChessBase"]
[SourceDate "2012.01.03"]
[SourceVersion "1"]
[SourceVersionDate "2012.01.03"]
[SourceQuality "1"]

1. d4 d5 2. Nf3 Nf6 3. c4 e6 4. Nc3 c6 5. e3 Nbd7 6. Qc2 Bd6 7. b3 0-0 8. Bd3 e5 9. cxd5 cxd5 10. dxe5 Nxe5 11. Nxe5 Bxe5 12. Bb2 Re8 13. 0-0 Bxh2+ 14. Kxh2 Ng4+ 15. Kg1 Qh4 16. Rfd1 Qh2+ 17. Kf1 Rxe3 18. fxe3 Qh1+ 19. Ke2 Qxg2+ 20. Ke1 Qg1+ 21. Ke2 0-1

[Event "Arab-ch"]
[Site "Abu Dhabi"]
[Date "2008.12.20"]
[Round "5"]
[White "Al Hadarani, Hatim"]
[Black "Shobaita, Talal"]
[Result "1/2-1/2"]
[WhiteElo "2308"]
[BlackElo "2169"]
[PlyCount "127"]
[EventDate "2008.12.16"]
[EventType "swiss"]
[EventRounds "9"]
[EventCountry "UAE"]
[SourceTitle "EXT 2010"]
[Source "ChessBase"]
[SourceDate "2010.11.25"]
[SourceVersion "1"]
[SourceVersionDate "2010.11.25"]
[SourceQuality "1"]

1. Nf3 g6 2. g3 Bg7 3. Bg2 Nf6 4. 0-0 0-0 5. c4 c5 6. Nc3 Nc6 7. d4 cxd4 8. Nxd4 Nxd4 9. Qxd4 d6 10. Qh4 Qc7 11. Bd2 Be6 12. b3 a6 13. Rac1 Rab8 14. h3 Rfc8 15. g4 Qd8 16. Be3 Qa5 17. Ba7 Ra8 18. Bd4 Qb4 19. Na4 Rc7 20. Bc3 Qa3 21. Ba5 Rac8 22. Bxc7 Rxc7 23. Qg5 Qxa2 24. Qa5 Ne8 25. Qb6 Qxe2 26. Bxb7 Qd2 27. Rcd1 Qf4 28. Rfe1 Be5 29. Bg2 Qh2+ 30. Kf1 Rxc4 31. Rxe5 dxe5 32. bxc4 Bxc4+ 33. Ke1 Qg1+ 34. Kd2 Qxg2 35. Qe3 Nd6 36. Kc1 Qc6 37. Nc3 e4 38. Qd4 Bd3 39. Kd2 e5 40. Qd5 Qb6 41. Ke1 Qd4 42. Qxd4 exd4 43. Nxe4 Bxe4 44. Rxd4 Bg2 45. Rxd6 Bxh3 46. f3 h5 47. gxh5 gxh5 48. Rh6 Be6 49. Rxh5 Kf8 50. Kd2 Ke7 51. Kc3 Kd6 52. Kd4 Kc6 53. f4 Kb6 54. f5 Bb3 55. Rh3 Bc2 56. Ke5 a5 57. Rc3 Bd1 58. Kf6 Kb5 59. Kxf7 Kb4 60. Rc8 a4 61. Ke7 a3 62. f6 Bb3 63. Ra8 a2 64. f7 1/2-1/2

[Event "Arab-ch"]
[Site "Abu Dhabi"]
[Date "2008.12.16"]
[Round "1"]
[White "Shobaita, Talal"]
[Black "Khader, Sami"]
[Result "0-1"]
[WhiteElo "2169"]
[BlackElo "2400"]
[PlyCount "94"]
[EventDate "2008.12.16"]
[EventType "swiss"]
[EventRounds "9"]
[EventCountry "UAE"]
[SourceTitle "EXT 2010"]
[Source "ChessBase"]
[SourceDate "2010.11.25"]
[SourceVersion "1"]
[SourceVersionDate "2010.11.25"]
[SourceQuality "1"]

1. d4 Nf6 2. Nf3 d5 3. Bf4 c5 4. e3 Nc6 5. c3 Qb6 6. Qb3 c4 7. Qxb6 axb6 8. Na3 Ra5 9. Bc7 Bf5 10. Nh4 Bd7 11. Bxb6 Ra6 12. Bc7 Ne4 13. Be2 Nxc3 14. bxc3 Rxa3 15. Kd2 g5 16. Nf3 Bf5 17. Ne1 Kd7 18. Bg3 Bg7 19. Nc2 Bxc2 20. Kxc2 Rha8 21. Rhb1 Rxa2+ 22. Rxa2 Rxa2+ 23. Rb2 Rxb2+ 24. Kxb2 f5 25. f3 b5 26. h4 gxh4 27. Bxh4 e5 28. dxe5 Bxe5 29. f4 Bg7 30. g4 b4 31. gxf5 Bxc3+ 32. Kc1 b3 33. f6 h6 34. e4 Nd4 35. Bg4+ Ke8 36. exd5 Nb5 37. Bh5+ Kf8 38. Bg6 Bd4 39. Be1 Bxf6 40. Bb4+ Be7 41. Bxe7+ Kxe7 42. Kb2 Nd6 43. Bh5 Kf6 44. Bg4 Kg6 45. Kc3 h5 46. Bh3 Kf6 47. Kb2 h4 0-1

[Event "Amman tt"]
[Site "Amman"]
[Date "2008.06.24"]
[Round "5"]
[White "Arbouche, Muhamed"]
[Black "Shobaita, Talal"]
[Result "0-1"]
[WhiteElo "2234"]
[BlackElo "2166"]
[PlyCount "112"]
[EventDate "2008.06.21"]
[EventType "team"]
[EventRounds "8"]
[EventCountry "JOR"]
[SourceTitle "CBM 125 Extra"]
[Source "ChessBase"]
[SourceDate "2008.09.01"]
[SourceVersion "1"]
[SourceVersionDate "2008.09.01"]
[SourceQuality "1"]

1. d4 d6 2. c4 g6 3. e4 Bg7 4. Be3 e5 5. d5 Ne7 6. Qd2 f5 7. f3 Nd7 8. g3 Nf6 9. Bh6 Bxh6 10. Qxh6 fxe4 11. fxe4 Nxe4 12. Qh4 Bf5 13. Bg2 Nc5 14. g4 Bxb1 15. Rxb1 Qd7 16. Ne2 0-0 17. Kd2 c6 18. b4 Na4 19. dxc6 bxc6 20. b5 Nb6 21. bxc6 Nxc6 22. g5 d5 23. cxd5 Ne7 24. Nc3 Rf4 25. Qh3 Nc4+ 26. Ke1 Nf5 27. Ne4 Kh8 28. Nf6 Qc7 29. Qc3 Qc5 30. Bf3 Nfd6 31. Rf1 Qe3+ 32. Qxe3 Nxe3 33. Rf2 h6 34. h4 Rxh4 35. Kd2 Nef5 36. gxh6 Rxh6 37. Kd3 Rh4 38. Rh1 Rxh1 39. Bxh1 Kg7 40. Nd7 Re8 41. Nc5 Rh8 42. Ne6+ Kf6 43. Bg2 Rh4 44. Nc5 Rd4+ 45. Ke2 e4 46. Ke1 Ke5 47. Re2 Kxd5 48. Nd7 Ng3 49. Re3 Ngf5 50. Ra3 Rb4 51. Rxa7 Kd4 52. Nf6 Rb1+ 53. Kf2 e3+ 54. Kf3 e2 55. Rd7 Ke5 56. Ng4+ Ke6 0-1

[Event "Amman tt"]
[Site "Amman"]
[Date "2008.06.22"]
[Round "2"]
[White "Shobaita, Talal"]
[Black "Al Harazy, Khalid"]
[Result "0-1"]
[WhiteElo "2166"]
[BlackElo "2184"]
[PlyCount "65"]
[EventDate "2008.06.21"]
[EventType "team"]
[EventRounds "8"]
[EventCountry "JOR"]
[SourceTitle "CBM 125 Extra"]
[Source "ChessBase"]
[SourceDate "2008.09.01"]
[SourceVersion "1"]
[SourceVersionDate "2008.09.01"]
[SourceQuality "1"]

1. d4 d5 2. Nf3 Nf6 3. Bf4 e6 4. e3 c5 5. c3 Nc6 6. Bd3 Bd6 7. Bg3 Bxg3 8. hxg3 c4 9. Bc2 Qc7 10. b4 a6 11. Nbd2 e5 12. 0-0 e4 13. Nh2 h5 14. Qe1 h4 15. gxh4 Rxh4 16. g3 Rh3 17. Kg2 Rh6 18. Rh1 Bh3+ 19. Kg1 0-0-0 20. a4 Rdh8 21. b5 axb5 22. axb5 Nb8 23. Bd1 Bd7 24. Be2 Bxb5 25. Ndf1 Bd7 26. Ra2 Bg4 27. Qd1 Bh3 28. Ng4 Bxg4 29. Bxg4+ Nxg4 30. Qxg4+ Re6 31. Rc2 Nc6 32. f3 f5 33. Qxf5 0-1